Programa de formación permanente de profesores de ciencias experimentales en educación básica y media: memorias

Saved in:
Bibliografiske detaljer
Format: Bog
Sprog:spansk
Udgivet: Bogotá Universidad Pedagógica Nacional 2002
Fag:
Tags: Tilføj Tag
Ingen Tags, Vær først til at tagge denne postø!

MARC

LEADER 00000nam a2200000 a 4500
001 UCM7813
003 CL-VaPUC
008 030110e20020000CK |||||||||||||||||spa|d
082 0 4 |a 371.12  |b PRO  |2 21 
245 1 0 |a Programa de formación permanente de profesores de ciencias experimentales en educación básica y media: memorias 
300 |a 198 p 
942 |c BK 
945 |d 20030110 00:00:00  |a cmena 
260 |a Bogotá  |b Universidad Pedagógica Nacional  |c 2002 
650 0 |a Capacitación docente  |9 312871 
650 0 |a Formación profesional de profesores  |9 307493 
650 0 |a Educación científica   |9 307484 
583 |a last modification  |c 20030110 00:00:00  |k Rodrigo Vera 
999 |c 302479  |d 302477 
952 |0 0  |1 0  |4 0  |6 371_120000000000000_PRO_2002  |7 0  |8 A  |9 363084  |a BIBEDU  |b BIBEDU  |d 2019-11-21  |i 3875237  |o 371.12 PRO 2002  |p 3875237  |r 2019-11-21  |w 2019-11-21  |y BK  |k EDU